<?xml version="1.0" encoding="UTF-8"?>
<collection xmlns="http://www.loc.gov/MARC21/slim">
  <record>
    <leader>00000nam  2200000   4500</leader>
    <controlfield tag="001">INLIS000000000016117</controlfield>
    <controlfield tag="008">###################################ind##</controlfield>
    <datafield tag="035" ind1="#" ind2="#">
      <subfield code="a">0010-1023000199</subfield>
    </datafield>
    <datafield tag="245" ind1="#" ind2="#">
      <subfield code="a">Peningkatan Pelayanan Publik Loka POM di Kabuaten Buleleng Kepada Masyarakat dan Pelaku Usaha di Kabupaten Jembrana Melalui Program "LOKA MENYAPA" (Melayani Masyarakat dan Pelaku Usaha di Kabupaten Jembrana) Badan Pengawas Obat dan Makanan /</subfield>
      <subfield code="c">Rai Gunawan</subfield>
    </datafield>
    <datafield tag="100" ind1="#" ind2="#">
      <subfield code="a">Rai Gunawan</subfield>
    </datafield>
    <datafield tag="260" ind1="#" ind2="#">
      <subfield code="a">Sumedang :</subfield>
      <subfield code="b">Puslatbang PKASN LAN,</subfield>
      <subfield code="c">2023</subfield>
    </datafield>
    <datafield tag="300" ind1="#" ind2="#">
      <subfield code="a">155 hal ;</subfield>
      <subfield code="c">29 cm.</subfield>
    </datafield>
    <datafield tag="084" ind1="#" ind2="#">
      <subfield code="a">R PKP/A/029 2023</subfield>
    </datafield>
    <datafield tag="520" ind1="#" ind2="#">
      <subfield code="a">Coach : Anita Ilyas</subfield>
    </datafield>
    <datafield tag="082" ind1="#" ind2="#">
      <subfield code="a">R PKP/A/029 2023</subfield>
    </datafield>
    <datafield tag="990" ind1="#" ind2="#">
      <subfield code="a">PKP.2023.00029</subfield>
    </datafield>
  </record>
</collection>
